000 00403cam a2200181 4500
001 D15003
008 090401t1922 xxu||||| |||| 00| 0 eng d
035 _a(Sirsi) u19426
041 _aeng
050 _a551.36
100 _aWard, E.M.
245 _aEnglish coastal evolution
260 _aLondon
_bMethuen
_c1922
300 _a262p. ill. 19cm
350 _a0
942 _n0
948 _c04/03/1997
999 _c87678
_d87678